000
00214 a2200097 4500
001
57585
100
_a
245
_a
Islam and Christianity
260
_a
Lahore
_b
Minhaj ul Quran
_c
090
_c
35320
_d
35320
942
_a
NUST-CAE
_c
MONOGRAPH
_c
28137
999
_c
292658
_d
292658